Remontées mécaniques de Tignes - Val d'Isère - Statistiques

Statistiques générales
  • Ce quiz a été pris 96 fois
  • Le résultat moyen est 23 sur 49
Statistiques - réponses
Type RM Nom % Correct
Télécabine Tovière
77%
Téléphérique Olympique
75%
Télécabine Solaise
75%
Télésiège Tommeuses
72%
Téléphérique Grande Motte
71%
Télésiège Marmottes
68%
Télécabine Daille
66%
Télésiège Aiguille Percée
65%
Télécabine Brévières
62%
Téléphérique Fornet
62%
Funiculaire Funival
60%
Télésiège Fresse
58%
Télésiège Bollin
57%
Télésiège Grand Huit
57%
Télésiège Palafour
57%
Télésiège Glacier
55%
Télésiège Lanches
55%
Télésiège Mont Blanc
55%
Télécabine Boisses
52%
Télésiège Tichot
52%
Télésiège Aiguille Rouge
51%
Télésiège Bellevarde Express
51%
Télécabine Vallon
51%
Télésiège Borsat
48%
Télésiège Grattalu
48%
Funiculaire Perce Neige
48%
Télésiège Tufs
48%
Télésiège Fontaine Froide
46%
Télésiège Chaudannes
43%
Télésiège Madeleine
43%
Télésiège Laisinant
42%
Télésiège Leissières
42%
Télésiège Vanoise
40%
Télésiège Datcha
38%
Télésiège Paquis
38%
Télésiège Cascade
35%
Télésiège Grand Pré
35%
Télésiège Manchet Express
35%
Télésiège Merles
35%
Télésiège Cugnai
34%
Télésiège Pyramides
34%
Télésiège Rogoney
34%
Télésiège Village
34%
Télésiège Col des Vés
29%
Télésiège Rosset
29%
Télésiège Cema
25%
Télésiège Loyes
25%
Télésiège Leisse
20%
Télésiège Almes
14%
Aucun quiz correspondant
Distribution des résultats
% des personnes avec chaque résultat
Percentile par nombre de réponses
Votre historique - résultats
Vous n’avez pas pris ce quiz